Τεχνολογία : έρευνα & πειραματισμός : σχεδιασμός & λύση προβλημάτων, έρευνα, σχεδίαση & ανάπτυξη ιδεών, κατασκευή δοκιμίων, πειραματισμός & αξιολόγηση
Αποθηκεύτηκε σε:
| Κύριος συγγραφέας: | |
|---|---|
| Άλλοι συγγραφείς: | , |
| Μορφή: | Βιβλίο |
| Γλώσσα: | Greek English |
| Δημοσίευση: |
Αθήνα :
Ίων,
c1998.
|
| Θέματα: | |
| Ετικέτες: |
Προσθήκη ετικέτας
Δεν υπάρχουν, Καταχωρήστε ετικέτα πρώτοι!
|
MARC
| LEADER | 00000cam a2200000 i 4500 | ||
|---|---|---|---|
| 001 | 1/53193 | ||
| 008 | 040401s1998 gr | ||| |||| ||gre|| | ||
| 020 | |a 9603191213 | ||
| 035 | |l 10073058 | ||
| 040 | |a GR-MyUA |b gre |e AACR2 | ||
| 041 | 1 | |a gre |h eng | |
| 082 | 7 | |a 600 |2 (21) | |
| 100 | 1 | |a Hutchinson, John, |d 1945- | |
| 245 | 1 | 0 | |a Τεχνολογία : |b έρευνα & πειραματισμός : σχεδιασμός & λύση προβλημάτων, έρευνα, σχεδίαση & ανάπτυξη ιδεών, κατασκευή δοκιμίων, πειραματισμός & αξιολόγηση / |c John Hutchinson, John R. Karsnitz ; μετάφραση Ανδρέας Βούρλος ; επιμέλεια Γεώργιος Παρίκος. |
| 260 | |a Αθήνα : |b Ίων, |c c1998. | ||
| 300 | |a xv, 373 σ. : |b έγχρ. εικ. ; |c 24 εκ. | ||
| 500 | |a Α' τάξης ενιαίου λυκείου. | ||
| 500 | |a Τίτλος πρωτοτύπου: Design and problem solving in technology. | ||
| 650 | 0 | |a Technology |x Study and teaching (Secondary) | |
| 650 | 0 | |a Engineering design |x Study and teaching (Secondary) | |
| 650 | 0 | |a Problem solving |x Study and teaching (Secondary) | |
| 700 | 1 | |a Karsnitz, John R., |d 1945- | |
| 700 | 1 | |a Παρίκος, Γιώργος Ι. |e edt | |
| 852 | |a INST |b CHIOS |e 20100827 |h 600 HUT |p 005200031898 |q 005200031898 |t BK |y 0 | ||
| 852 | |a INST |b LEMNOS |e 20100125 |h 600 HUT |p 005600000412 |q 005600000412 |t BK |y 0 | ||
| 852 | |a INST |b LESVOS |e 20100316 |h 600 HUT |p 005100046852 |q 005100046852 |t BK |y 0 | ||
| 852 | |a INST |b SAMOS |e 20091221 |h 600 HUT |p 005300030980 |q 005300030980 |t BK |y 0 | ||
| 852 | |a INST |b SYROS |e 20040401 |h 600 HUT |p 005500002955 |q 005500002955 |t BK |y 0 | ||
| 852 | |a INST |b SYROS |e 20040401 |h 600 HUT |p 005500002956 |q 005500002956 |t BK |y 0 | ||
| 852 | |a INST |b SYROS |e 20040401 |h 600 HUT |p 005500002957 |q 005500002957 |t BK |y 0 | ||
| 852 | |a INST |b SYROS |e 20040401 |h 600 HUT |p 005500002958 |q 005500002958 |t BK |y 0 | ||
| 852 | |a INST |b SYROS |e 20040401 |h 600 HUT |p 005500002959 |q 005500002959 |t BK |y 0 | ||
| 901 | |a BIBL3-2009-3 | ||
| 901 | |a BIBL5-2004-1 | ||
| 901 | |a BIBL6-2010-1 | ||
| 901 | |a BIBL1-2010-1 | ||
| 901 | |a BIBL2-2010-2 | ||
| 970 | |a Καγιαβά |b Ειρήνη |z 01/04/2004 | ||